Najpopularniejsza polska zupa. - Statystyki

Ogólne statystyki
  • Ten quiz został rozwiązany 182 razy
  • Średni wynik to 6 z 8
Statystyki odpowiedzi
Hint Odpowiedź % Poprawnych
6. Rosół
98%
1. Pomidorowa
94%
8. Żurek
89%
3. Ogórkowa
87%
2. Krupnik
64%
5. Jarzynowa
49%
7. Grochówka
40%
4. Pieczarkowa
29%
Nie znaleziono quizów pasujących do podanych kryteriów
Rozkład punktacji
Procent ludzi z każdym wynikiem
Percentyl według liczby udzielonych odpowiedzi
Twoja historia wyników
Nie rozwiązałeś tego quizu